000
00234nam a22000977a 4500
999
_c
264583
_d
264582
020
_a
0395617944
100
_a
Wayne Grover
245
_a
Dolphin adventure : a true story
260
_a
New York
_b
Greenwillow Books
_c
1990
942
_c
BK